| 000 | 00757nam a2200253Ia 4500 | ||
|---|---|---|---|
| 001 | 21935 | ||
| 005 | 20260320113326.0 | ||
| 008 | 260320s9999||||xx |||||||||||||| ||und|| | ||
| 020 | _a9786123310660 | ||
| 041 | _aESP | ||
| 082 |
_a869.56 _bE76 |
||
| 100 |
_aEscajadillo, Tomás G., _eAUT |
||
| 245 | 0 |
_aLa narrativa indigenista peruana _b |
|
| 246 |
_a _5 _b |
||
| 250 | _aPrimera edición | ||
| 260 |
_aLima : _bUniversidad Ricardo Palma, _c2023 |
||
| 300 |
_a350 páginas : _b _c24 cm. _e |
||
| 440 |
_a _n _v |
||
| 650 | _aLYR | ||
| 653 | _aLiteratura peruana; Narrativa indigenista | ||
| 700 |
_a _c |
||
| 856 |
_uhttps://research-ebsco-com.ucsp.lookproxy.com/c/qxo6us/search _zVéase además: Base de datos EBSCOhost |
||
| 942 |
_cLIB _dJUS _fMIP _2ddc _n |
||
| 999 |
_c21935 _d21935 |
||